Business case for knowledge management in construction (Record no. 104995)
[ view plain ]
| 000 -LEADER | |
|---|---|
| fixed length control field | 01285cam a2200253 4500 |
| 001 - CONTROL NUMBER | |
| control field | ##L132053 |
| 008 - FIXED-LENGTH DATA ELEMENTS--GENERAL INFORMATION | |
| fixed length control field | 051222n2005 000 0 eng u |
| 020 ## - INTERNATIONAL STANDARD BOOK NUMBER | |
| International Standard Book Number | 0860176428 |
| 035 ## - SYSTEM CONTROL NUMBER | |
| System control number | (Sirsi) u132053 |
| 041 0# - LANGUAGE CODE | |
| Language code of text/sound track or separate title | eng |
| 050 ## - LIBRARY OF CONGRESS CALL NUMBER | |
| Classification number | 698.562 $2 18 |
| 100 1# - MAIN ENTRY--PERSONAL NAME | |
| Personal name | Palmer, J. |
| 245 00 - TITLE STATEMENT | |
| Title | Business case for knowledge management in construction |
| 260 ## - PUBLICATION, DISTRIBUTION, ETC. | |
| Place of publication, distribution, etc. | London |
| Name of publisher, distributor, etc. | CIRIA |
| Date of publication, distribution, etc. | 2005 |
| 300 ## - PHYSICAL DESCRIPTION | |
| Extent | 112p. |
| Other physical details | ill |
| Dimensions | 30cm. |
| 490 #0 - SERIES STATEMENT | |
| Series statement | CIRIA |
| Volume/sequential designation | 642 |
| 490 #0 - SERIES STATEMENT | |
| Series statement | CIRIA Research Project |
| Volume/sequential designation | 700 |
| 520 ## - SUMMARY, ETC. | |
| Summary, etc. | Guide resulting from the CIRIA Research Project 700: Business case for knowledge management: guidance and toolkit for construction. Aimed at anyone in construction wishing to improve their organisation's management of knowledge. Includes sections on:- where are you now? -- where do you want to go? -- how do you get there? communication, time and cost. |
| 520 ## - SUMMARY, ETC. | |
| Summary, etc. | Includes a CD-ROM (L133334) containing a PowerPoint presentation to promote the concept of using crops in construction and a document summarising the benefits to all concerned with construction and its environemntal impact. |
| 690 ## - LOCAL SUBJECT ADDED ENTRY--TOPICAL TERM (OCLC, RLIN) | |
| Topical term or geographic name as entry element | MANAGEMENT-BUSINESS MANAGEMENT-INFORMATION MANAGEMENT |
| 700 1# - ADDED ENTRY--PERSONAL NAME | |
| Personal name | Platt, S |
| 710 2# - ADDED ENTRY--CORPORATE NAME | |
| Corporate name or jurisdiction name as entry element | Construction Industry Research and Information Association |
| 9 (RLIN) | 4810 |
| 942 ## - ADDED ENTRY ELEMENTS (KOHA) | |
| Suppress in OPAC | 0 |
| Withdrawn status | Lost status | Damaged status | Not for loan | Home library | Current library | Shelving location | Date acquired | Total Checkouts | Full call number | Barcode | Date last seen | Date last checked out | Copy number | Price effective from | Koha item type | Public note |
|---|---|---|---|---|---|---|---|---|---|---|---|---|---|---|---|---|
| London | London | Books | 22/12/2005 | 11 | CIRIA REPORTS | 30071766 | 04/09/2024 | 09/10/2008 | 1 | 06/08/2019 | Book | CIRIA 642 |